UBT Library

Film noir : (Record no. 40018)

000 -LEADER
fixed length control field 00828cam a2200241 a 4500
001 - CONTROL NUMBER
control field 1119102
005 - DATE AND TIME OF LATEST TRANSACTION
control field 20180110075716.0
008 - FIXED-LENGTH DATA ELEMENTS--GENERAL INFORMATION
fixed length control field 931129s1992 nyua b 000 0 eng
010 ## - LIBRARY OF CONGRESS CONTROL NUMBER
LC control number 93236035
020 ## - INTERNATIONAL STANDARD BOOK NUMBER
International Standard Book Number 0879514795
040 ## - CATALOGING SOURCE
Original cataloging agency DLC
Transcribing agency DLC
Modifying agency DLC
041 ## - LANGUAGE CODE
Language code of text/sound track or separate title eng
043 ## - GEOGRAPHIC AREA CODE
Geographic area code n-us---
080 ## - UNIVERSAL DECIMAL CLASSIFICATION NUMBER
Universal Decimal Classification number 791.43655 SIL
082 00 - DEWEY DECIMAL CLASSIFICATION NUMBER
Classification number 791.43655 SIL
Edition number 20
100 ## - Rafti
Rafti 26
101 ## - Shkurtesa
Shkurtesa ENC
245 00 - TITLE STATEMENT
Title Film noir :
Statement of responsibility, etc edited by Alain Silver and Elizabeth Ward ; co-editors, Carl Macek and Robert Porfirio.
504 ## - BIBLIOGRAPHY, ETC. NOTE
Bibliography, etc Includes bibliographical references (p. 444-446) and index.
906 ## - LOCAL DATA ELEMENT F, LDF (RLIN)
a 7
b cbc
c orignew
d 2
e ncip
f 19
g y-gencatlg
942 ## - ADDED ENTRY ELEMENTS (KOHA)
Source of classification or shelving scheme
Item type Books
Holdings
Withdrawn status Lost status Source of classification or shelving scheme Damaged status Not for loan Collection code Permanent location Current location Shelving location Date acquired Total Checkouts Full call number Barcode Date last seen Price effective from Koha item type
          Koleksioni i përgjithshem UBT - Lipjan UBT - Lipjan Koleksioni i përgjithshem 01/10/2018   791.43655 SIL 002-2995054 01/10/2018 01/10/2018 Reference
UBT Library © 2015-2024. All rights reserved University Education for Business and Technology